| 000 | 00572nam a2200217Ia 4500 | ||
|---|---|---|---|
| 005 | 20250108125032.0 | ||
| 008 | 008 250107s9999 xx 000 0 eng d | ||
| 037 | _aTB | ||
| 040 |
_aCRL _beng _cCRL |
||
| 041 |
_aeng _2eng |
||
| 084 | _aXwN51 P9 | ||
| 084 | _qCRL | ||
| 100 |
_aBilgrami Tahseen _9730304 |
||
| 245 | 0 |
_aCollection of research articles on socio-cultural history of Hyderabad _cBilgrami Tahseen |
|
| 260 | _c3101 | ||
| 300 | _a254p. | ||
| 365 |
_aINR _b499 |
||
| 650 | _aHISTORY | ||
| 942 |
_cTB _hXwN51 P9 |
||
| 999 |
_c1235489 _d1235489 |
||